[Event "North Sea Cup 22nd"]
[Site "Esbjerg"]
[Date "2007.07.19"]
[Round "9"]
[White "Hansen, Morten"]
[Black "Oehmichen, Jan"]
[Result "1-0"]
[WhiteElo "2056"]
[BlackElo "1855"]
[PlyCount "67"]
[EventDate "2007.07.13"]
[EventType "swiss"]
[EventRounds "10"]
[EventCountry "DEN"]
[SourceTitle "CBM 119 Extra"]
[Source "ChessBase"]
[SourceDate "2007.09.04"]
[SourceVersion "1"]
[SourceVersionDate "2007.09.04"]
[SourceQuality "1"]

1. e4 c5 2. Nf3 d6 3. d4 cxd4 4. Nxd4 Nf6 5. Nc3 a6 6. Be2 e6 7. 0-0 Be7 8. a4 0-0 9. Be3 Bd7 10. f4 Qc7 11. Qe1 Nc6 12. Kh1 Nb4 13. Rc1 d5 14. e5 Ne4 15. Bd2 Nxc3 16. bxc3 Nc6 17. Nf3 Bc5 18. Bd3 f5 19. Be3 Bxe3 20. Qxe3 Na5 21. Ra1 Qxc3 22. Qf2 Qc7 23. Ng5 h6 24. Nf3 Nc4 25. Nd4 Rfc8 26. g4 fxg4 27. Rg1 Rf8 28. Qg3 Rf7 29. Qxg4 Nb2 30. Bg6 Re7 31. Rg3 Rf8 32. Rag1 Qc4 33. c3 Nd3 34. Bxd3 1-0

[Event "North Sea Cup 22nd"]
[Site "Esbjerg"]
[Date "2007.07.18"]
[Round "8"]
[White "Tonndorf, Matthias"]
[Black "Hansen, Morten"]
[Result "1-0"]
[WhiteElo "2237"]
[BlackElo "2056"]
[PlyCount "49"]
[EventDate "2007.07.13"]
[EventType "swiss"]
[EventRounds "10"]
[EventCountry "DEN"]
[SourceTitle "CBM 119 Extra"]
[Source "ChessBase"]
[SourceDate "2007.09.04"]
[SourceVersion "1"]
[SourceVersionDate "2007.09.04"]
[SourceQuality "1"]

1. b3 e5 2. Bb2 Nc6 3. c4 Nf6 4. g3 Bc5 5. Bg2 d6 6. e3 0-0 7. Ne2 Bg4 8. h3 Bf5 9. a3 a5 10. 0-0 Be4 11. f3 Bg6 12. Kh2 d5 13. f4 exf4 14. Nxf4 d4 15. Nd5 Ne4 16. d3 Nd6 17. e4 f5 18. Nf4 Bf7 19. Nd2 fxe4 20. Nxe4 Nxe4 21. Bxe4 Rb8 22. Qg4 Ne5 23. Qf5 Re8 24. Qxh7+ Kf8 25. Ng6+ 1-0

[Event "North Sea Cup 22nd"]
[Site "Esbjerg"]
[Date "2007.07.15"]
[Round "4"]
[White "Pedersen, Nicolai Kvist Brond"]
[Black "Hansen, Morten"]
[Result "1/2-1/2"]
[WhiteElo "1724"]
[BlackElo "2056"]
[PlyCount "25"]
[EventDate "2007.07.13"]
[EventType "swiss"]
[EventRounds "10"]
[EventCountry "DEN"]
[SourceTitle "CBM 119 Extra"]
[Source "ChessBase"]
[SourceDate "2007.09.04"]
[SourceVersion "1"]
[SourceVersionDate "2007.09.04"]
[SourceQuality "1"]

1. d4 Nf6 2. Nf3 g6 3. Bf4 Bg7 4. e3 0-0 5. Be2 d6 6. h3 c5 7. c3 cxd4 8. exd4 Qb6 9. Qb3 Qxb3 10. axb3 Nd5 11. Bh2 Nc6 12. Nbd2 e5 13. dxe5 1/2-1/2

[Event "Politiken Cup 22nd"]
[Site "Copenhagen"]
[Date "2000.07.19"]
[Round "3"]
[White "Hansen, Morten"]
[Black "Bogdanov, Dimitri"]
[Result "0-1"]
[WhiteElo "2085"]
[BlackElo "2093"]
[PlyCount "48"]
[EventDate "2000.07.17"]
[EventType "swiss"]
[EventRounds "11"]
[EventCountry "DEN"]
[SourceTitle "CBM 077 Extra"]
[Source "ChessBase"]
[SourceDate "2000.09.14"]
[SourceVersion "1"]
[SourceVersionDate "2000.09.14"]
[SourceQuality "1"]

1. e4 g6 2. d4 Bg7 3. Nc3 d6 4. f4 Nf6 5. Nf3 0-0 6. Bd3 Na6 7. 0-0 c5 8. dxc5 Nxc5 9. Qe1 Bd7 10. Qh4 Nxd3 11. cxd3 Qb6+ 12. Kh1 e6 13. f5 exf5 14. Bh6 Qxb2 15. Bxg7 Kxg7 16. Nd5 Nxd5 17. exd5 Qf6 18. Qg3 Rac8 19. Qf2 b6 20. Rfe1 Rfe8 21. Nd2 Rc2 22. Rxe8 Qxa1+ 23. Re1 Qb2 24. Rd1 Bb5 0-1

[Event "Politiken Cup 21st"]
[Site "Copenhagen"]
[Date "1999.07.14"]
[Round "11"]
[White "Hansen, Morten"]
[Black "Petersen, Nils"]
[Result "1/2-1/2"]
[WhiteElo "2085"]
[BlackElo "2067"]
[PlyCount "97"]
[EventDate "1999.07.04"]
[EventType "swiss"]
[EventRounds "11"]
[EventCountry "DEN"]
[SourceTitle "CBM 071 Extra"]
[Source "ChessBase"]
[SourceDate "1999.09.14"]
[SourceVersion "1"]
[SourceVersionDate "1999.09.14"]
[SourceQuality "1"]

1. e4 c5 2. Nf3 Nc6 3. d4 cxd4 4. Nxd4 e5 5. Nb5 d6 6. c4 Be6 7. Be2 a6 8. N5c3 Nd4 9. 0-0 Rc8 10. b3 Ne7 11. Be3 Nec6 12. Nd2 Be7 13. Nf3 Nxf3+ 14. Bxf3 Qa5 15. Qd2 0-0 16. Rfd1 Rfe8 17. Nd5 Bxd5 18. Qxa5 Nxa5 19. cxd5 b5 20. Rac1 Nb7 21. b4 Kf8 22. Bg4 Rxc1 23. Rxc1 Bd8 24. Rc6 a5 25. a3 axb4 26. axb4 Be7 27. Bc8 Nd8 28. Rc7 Bf6 29. Ba6 Re7 30. Rxe7 Kxe7 31. Bxb5 h6 32. Ba6 Kd7 33. Bb6 Bg5 34. Kf1 g6 35. Ke2 f5 36. f3 Nf7 37. Kd3 Bd8 38. Bxd8 Kxd8 39. Bb5 fxe4+ 40. fxe4 Ng5 41. Bc6 Nh7 42. b5 Kc7 43. Be8 g5 44. h3 Nf6 45. Bc6 Nh5 46. Ke3 Kb6 47. Kf3 Nf6 48. g3 Kc5 49. Ke3 1/2-1/2

[Event "Politiken Cup 21st"]
[Site "Copenhagen"]
[Date "1999.07.13"]
[Round "10"]
[White "Nielsen, Niels Peter"]
[Black "Hansen, Morten"]
[Result "0-1"]
[WhiteElo "2175"]
[BlackElo "2085"]
[PlyCount "86"]
[EventDate "1999.07.04"]
[EventType "swiss"]
[EventRounds "11"]
[EventCountry "DEN"]
[SourceTitle "CBM 071 Extra"]
[Source "ChessBase"]
[SourceDate "1999.09.14"]
[SourceVersion "1"]
[SourceVersionDate "1999.09.14"]
[SourceQuality "1"]

1. e4 c5 2. Nf3 d6 3. d4 cxd4 4. Nxd4 Nf6 5. Nc3 a6 6. f4 Qc7 7. Nf3 Nc6 8. Bc4 e6 9. 0-0 b5 10. Bd3 Be7 11. Qe1 b4 12. Ne2 0-0 13. Qg3 e5 14. f5 Kh8 15. Bg5 Bb7 16. Qh4 d5 17. Ng3 dxe4 18. Nxe4 Nxe4 19. Bxe4 f6 20. Be3 Na5 21. Bxb7 Nxb7 22. Kh1 Bc5 23. Rae1 Bxe3 24. Rxe3 Qc5 25. Rb3 Na5 26. Rxb4 Qxc2 27. Qh3 Qd3 28. Re1 Qd7 29. Rh4 h6 30. Rh5 Nc6 31. Re4 Rf7 32. Qg3 Rc8 33. h3 Nd4 34. Qg4 Nxf3 35. Qxf3 Rc1+ 36. Kh2 Rd1 37. Rg4 Qd6 38. Qa8+ Rf8 39. Qb7 e4+ 40. Rg3 Rh1+ 41. Kxh1 Qxg3 42. Qb3 e3 43. Qc3 Kh7 0-1

[Event "Politiken Cup 21st"]
[Site "Copenhagen"]
[Date "1999.07.03"]
[Round "1"]
[White "Hansen, Morten"]
[Black "Nilssen, John Arni"]
[Result "0-1"]
[WhiteElo "2085"]
[BlackElo "2326"]
[PlyCount "50"]
[EventDate "1999.07.04"]
[EventType "swiss"]
[EventRounds "11"]
[EventCountry "DEN"]
[SourceTitle "CBM 071 Extra"]
[Source "ChessBase"]
[SourceDate "1999.09.14"]
[SourceVersion "1"]
[SourceVersionDate "1999.09.14"]
[SourceQuality "1"]

1. e4 c5 2. Nf3 Nc6 3. c3 d5 4. exd5 Qxd5 5. Be2 e5 6. d3 Bf5 7. 0-0 Rd8 8. Qa4 Bd6 9. Rd1 Bb8 10. Na3 Nge7 11. d4 cxd4 12. cxd4 e4 13. Ne5 0-0 14. Nxc6 Nxc6 15. Be3 a6 16. Qc4 Qd6 17. g3 Ba7 18. Bf4 Qf6 19. d5 Nd4 20. Rd2 b5 21. Qc1 Rxd5 22. Qe1 g5 23. Be3 Bh3 24. Bxd4 Bxd4 25. Bf1 Bxf1 0-1

[Event "Odense"]
[Site "Odense"]
[Date "1993.??.??"]
[Round "7"]
[White "Hansen, Morten"]
[Black "Sogaard, Soren"]
[Result "1-0"]
[WhiteElo "2010"]
[BlackElo "2280"]
[PlyCount "79"]
[EventDate "1993.??.??"]
[EventType "tourn"]
[EventRounds "9"]
[EventCountry "DEN"]
[EventCategory "3"]
[SourceTitle "CBM 036 Extra"]
[Source "ChessBase"]
[SourceDate "1993.11.01"]
[SourceVersion "1"]
[SourceVersionDate "1993.11.01"]
[SourceQuality "1"]

1. e4 c5 2. Nf3 e6 3. d4 cxd4 4. Nxd4 a6 5. Bd3 Qc7 6. 0-0 d6 7. c4 Nf6 8. Nc3 b6 9. Qe2 Bb7 10. f4 Nbd7 11. f5 e5 12. Nc2 Nc5 13. Bg5 Nxd3 14. Qxd3 Qc5+ 15. Be3 Qc7 16. Nd5 Bxd5 17. cxd5 Be7 18. Rfc1 0-0 19. Nb4 Qb7 20. Rc6 Nd7 21. Rc3 Nc5 22. Bxc5 dxc5 23. Nc6 f6 24. a4 Bd6 25. b3 b5 26. Qd1 Qb6 27. Kh1 c4 28. bxc4 b4 29. a5 Qf2 30. Rf3 Qh4 31. Qe1 Qg4 32. Rg3 Qf4 33. Rf3 Qg4 34. Rb1 Rac8 35. h3 Qh5 36. Qf2 Qf7 37. c5 Rxc6 38. dxc6 Bc7 39. Rxb4 Bxa5 40. Ra4 1-0